[Event "Orsha blitz op"]
[Site "Orsha"]
[Date "2019.01.19"]
[Round "5"]
[White "Zhigalko, Sergei"]
[Black "Meshkov, Yuri A"]
[Result "1-0"]
[WhiteElo "2695"]
[BlackElo "2387"]
[PlyCount "59"]
[EventDate "2019.01.19"]
[EventType "swiss (blitz)"]
[EventRounds "10"]
[EventCountry "BLR"]
[SourceTitle "CBM 189 Extra"]
[Source "ChessBase"]
[SourceDate "2019.06.03"]
[SourceVersion "1"]
[SourceVersionDate "2019.06.03"]
[SourceQuality "1"]

1. e4 c5 2. Nf3 Nc6 3. c3 Nf6 4. e5 Nd5 5. Bc4 Nb6 6. Bb3 d5 7. exd6 Qxd6 8. O-O Be6 9. Bxe6 Qxe6 10. a4 Qd7 11. a5 Nd5 12. d4 cxd4 13. Nxd4 e6 14. a6 b6 15. Nb5 Na5 16. Qa4 Be7 17. c4 Nb4 18. Nc7+ Kd8 19. Nxa8 Qxa4 20. Rxa4 Kd7 21. Bd2 Nac6 22. Rd1 Kc8 23. Bxb4 Bxb4 24. Nxb6+ axb6 25. a7 Kb7 26. Rd7+ Ka8 27. Nc3 Rf8 28. Nb5 Ba5 29. g3 Ne5 30. Rc7 1-0

[Event "Orsha blitz op"]
[Site "Orsha"]
[Date "2019.01.19"]
[Round "6"]
[White "Borsuk, Yuriy"]
[Black "Zhigalko, Sergei"]
[Result "0-1"]
[WhiteElo "2385"]
[BlackElo "2695"]
[PlyCount "96"]
[EventDate "2019.01.19"]
[EventType "swiss (blitz)"]
[EventRounds "10"]
[EventCountry "BLR"]
[SourceTitle "CBM 189 Extra"]
[Source "ChessBase"]
[SourceDate "2019.06.03"]
[SourceVersion "1"]
[SourceVersionDate "2019.06.03"]
[SourceQuality "1"]

1. e4 c5 2. Nc3 Nc6 3. Bb5 Nd4 4. Bc4 e6 5. Nge2 Nf6 6. O-O a6 7. d3 b5 8. Bb3 Nxb3 9. axb3 Bb7 10. Ng3 d5 11. Qe2 Be7 12. e5 Nd7 13. Nh5 g6 14. Ng3 h5 15. h3 Qc7 16. f4 O-O-O 17. Nh1 Rdg8 18. Nf2 g5 19. fxg5 Bxg5 20. Re1 Bxc1 21. Raxc1 Rg5 22. h4 Rxe5 23. Qf3 Rf5 24. Qh3 Rg8 25. Nh1 b4 26. Ne2 d4 27. Neg3 Rf4 28. Rf1 Rfg4 29. Rxf7 Qe5 30. Rf2 Rxg3 31. Nxg3 Rxg3 32. Qh2 Qe3 33. Rcf1 Rxg2+ 34. Qxg2 Bxg2 35. Kxg2 Kc7 36. Rf7 Qe2+ 37. R1f2 Qg4+ 38. Kf1 Qd1+ 39. Kg2 Qg4+ 40. Kf1 Qxh4 41. Rg7 Qh3+ 42. Ke1 Qe3+ 43. Kf1 Qh3+ 44. Ke1 Kd6 45. Rff7 Ne5 46. Ra7 Qe3+ 47. Kd1 Nf3 48. Rxa6+ Ke5 0-1

[Event "Orsha blitz op"]
[Site "Orsha"]
[Date "2019.01.19"]
[Round "7"]
[White "Zhigalko, Sergei"]
[Black "Lazavik, Denis"]
[Result "1-0"]
[WhiteElo "2695"]
[BlackElo "1978"]
[PlyCount "69"]
[EventDate "2019.01.19"]
[EventType "swiss (blitz)"]
[EventRounds "10"]
[EventCountry "BLR"]
[SourceTitle "CBM 189 Extra"]
[Source "ChessBase"]
[SourceDate "2019.06.03"]
[SourceVersion "1"]
[SourceVersionDate "2019.06.03"]
[SourceQuality "1"]

1. e4 e5 2. Nf3 Nc6 3. Bb5 a6 4. Ba4 Nf6 5. O-O Be7 6. Re1 b5 7. Bb3 d6 8. c3 O-O 9. h3 Bb7 10. d3 Nb8 11. Nbd2 Nbd7 12. Nf1 Nc5 13. Bc2 Re8 14. Ng3 Bf8 15. b4 Ncd7 16. Bb3 g6 17. Bg5 Bg7 18. Qd2 a5 19. a3 c6 20. Rad1 Qe7 21. d4 axb4 22. axb4 Rad8 23. Qa2 Ra8 24. Qd2 Rad8 25. Nh2 c5 26. Ng4 c4 27. Bc2 Qe6 28. Nh6+ Kh8 29. f4 exd4 30. cxd4 Nb6 31. f5 Qd7 32. Qf4 Rf8 33. Qh4 Ng8 34. Bxd8 Rxd8 35. Qxd8 1-0

[Event "Orsha blitz op"]
[Site "Orsha"]
[Date "2019.01.19"]
[Round "8"]
[White "Zabotin, Alexander"]
[Black "Zhigalko, Sergei"]
[Result "0-1"]
[WhiteElo "2439"]
[BlackElo "2695"]
[PlyCount "78"]
[EventDate "2019.01.19"]
[EventType "swiss (blitz)"]
[EventRounds "10"]
[EventCountry "BLR"]
[SourceTitle "CBM 189 Extra"]
[Source "ChessBase"]
[SourceDate "2019.06.03"]
[SourceVersion "1"]
[SourceVersionDate "2019.06.03"]
[SourceQuality "1"]

1. d4 Nf6 2. Nf3 e6 3. c4 b6 4. a3 Ba6 5. e3 d5 6. Nbd2 Be7 7. b3 O-O 8. Bb2 c5 9. Be2 Nbd7 10. O-O Rc8 11. Rc1 Bb7 12. cxd5 exd5 13. dxc5 bxc5 14. Qc2 Qb6 15. Rfd1 Rfd8 16. Ne5 Nxe5 17. Bxe5 Qe6 18. Bg3 Nd7 19. h3 Ne5 20. Nf3 Ng6 21. Bd3 Qb6 22. Bf5 Ra8 23. Ne5 Bc8 24. Bxc8 Raxc8 25. Nxg6 hxg6 26. e4 c4 27. exd5 Bxa3 28. bxc4 Bxc1 29. Qxc1 Qc5 30. Qa1 Qxc4 31. d6 a6 32. Qa5 Rd7 33. Ra1 Rc6 34. Kh2 Rcxd6 35. Bxd6 Rxd6 36. Qe5 Re6 37. Qg3 Qc8 38. Ra5 Rc6 39. Qa3 Qc7+ 0-1

[Event "Orsha blitz op"]
[Site "Orsha"]
[Date "2019.01.19"]
[Round "9"]
[White "Zhigalko, Sergei"]
[Black "Moskalenko, Alexander"]
[Result "0-1"]
[WhiteElo "2695"]
[BlackElo "2510"]
[PlyCount "118"]
[EventDate "2019.01.19"]
[EventType "swiss (blitz)"]
[EventRounds "10"]
[EventCountry "BLR"]
[SourceTitle "CBM 189 Extra"]
[Source "ChessBase"]
[SourceDate "2019.06.03"]
[SourceVersion "1"]
[SourceVersionDate "2019.06.03"]
[SourceQuality "1"]

1. e4 d6 2. d4 g6 3. Nc3 Nf6 4. Nf3 Bg7 5. h3 O-O 6. Be3 a6 7. a4 Nc6 8. d5 Na7 9. Bc4 c6 10. O-O b5 11. axb5 Nxb5 12. Nxb5 cxb5 13. Bd3 Bb7 14. Re1 Rc8 15. c3 Re8 16. Bd4 e6 17. dxe6 Rxe6 18. Bc2 h6 19. e5 dxe5 20. Nxe5 Qd5 21. f3 Qd6 22. Bb3 Nd5 23. Ng4 Rxe1+ 24. Qxe1 h5 25. Bxg7 Kxg7 26. Qe5+ Qxe5 27. Nxe5 Re8 28. Nd3 Nc7 29. Re1 Rxe1+ 30. Nxe1 Bd5 31. Bxd5 Nxd5 32. Kf2 Kf6 33. Nd3 a5 34. g4 h4 35. f4 Ke6 36. Nc5+ Kd6 37. Ne4+ Ke7 38. Kf3 Nb6 39. Nc5 f5 40. gxf5 gxf5 41. Ke2 Nd5 42. Kf3 Nb6 43. Ke2 a4 44. Kd3 Nd5 45. Kd4 Nxf4 46. Ke5 Nxh3 47. Nd3 f4 48. Ke4 Kf6 49. Kf3 Kf5 50. Kg2 Ng5 51. Nc5 f3+ 52. Kf1 Kf4 53. c4 bxc4 54. Nxa4 h3 55. Kg1 Kg3 56. Nc3 h2+ 57. Kh1 f2 58. Ne2+ Kf3 59. Nd4+ Ke4 0-1

[Event "Orsha blitz op"]
[Site "Orsha"]
[Date "2019.01.19"]
[Round "10"]
[White "Krylov, Ivan"]
[Black "Zhigalko, Sergei"]
[Result "0-1"]
[WhiteElo "2312"]
[BlackElo "2695"]
[PlyCount "92"]
[EventDate "2019.01.19"]
[EventType "swiss (blitz)"]
[EventRounds "10"]
[EventCountry "BLR"]
[SourceTitle "CBM 189 Extra"]
[Source "ChessBase"]
[SourceDate "2019.06.03"]
[SourceVersion "1"]
[SourceVersionDate "2019.06.03"]
[SourceQuality "1"]

1. Nf3 d5 2. g3 c6 3. Bg2 Bg4 4. O-O e6 5. d3 Bd6 6. Nbd2 Ne7 7. h3 Bh5 8. e4 Nd7 9. Qe1 O-O 10. b3 a5 11. a4 c5 12. Bb2 Nc6 13. Nh2 Nb4 14. Qc1 Re8 15. g4 Bg6 16. f4 f6 17. Bc3 Qc7 18. Nb1 dxe4 19. dxe4 c4 20. Kh1 cxb3 21. cxb3 Nc5 22. Bxb4 axb4 23. Qe3 Rad8 24. Nd2 Bf8 25. Rac1 Qd6 26. Nc4 Qd3 27. Qxd3 Rxd3 28. f5 Bf7 29. Na5 e5 30. Rf3 Rxf3 31. Nxf3 Ra8 32. Nc4 Nxb3 33. Rc2 Rxa4 34. Nb6 Ra1+ 35. Kh2 Rc1 36. Rb2 Bc5 37. Nd5 Bxd5 38. exd5 Rc3 39. g5 e4 40. Ne1 Bd6+ 41. Kg1 fxg5 42. Bxe4 Re3 43. Kf2 Bc5 44. Bc2 Bd4 45. Bxb3 Rxb3+ 46. Ke2 Rxb2+ 0-1

[Event "BLR-ch"]
[Site "Minsk"]
[Date "2019.05.30"]
[Round "1"]
[White "Stupak, Kirill"]
[Black "Zhigalko, Sergei"]
[Result "1/2-1/2"]
[WhiteElo "2551"]
[BlackElo "2594"]
[PlyCount "129"]
[EventDate "2019.05.30"]
[EventType "tourn"]
[EventRounds "9"]
[EventCountry "BLR"]
[EventCategory "8"]
[SourceTitle "CBM 190 Extra"]
[Source "ChessBase"]
[SourceDate "2019.07.15"]
[SourceVersion "1"]
[SourceVersionDate "2019.07.15"]
[SourceQuality "1"]

1. d4 d5 2. c4 c6 3. cxd5 cxd5 4. Bf4 Nc6 5. e3 e6 6. Nc3 Nf6 7. Bd3 Be7 8. Rc1 O-O 9. h3 Bd7 10. Nf3 a6 11. O-O b5 12. e4 Nb4 13. Bb1 dxe4 14. Nxe4 Nxe4 15. Bxe4 Rc8 16. a3 Bc6 17. Bb1 Nd5 18. Qd3 Nf6 19. Rfe1 Bd5 20. Ne5 Rxc1 21. Bxc1 Qc7 22. Qg3 Rc8 23. Bd2 Qb7 24. f3 b4 25. axb4 Bxb4 26. Qf2 Bxd2 27. Qxd2 Qb6 28. Kh2 Qc7 29. Bd3 Bb7 30. Kh1 Nd5 31. Be4 Nf6 32. Bxb7 Qxb7 33. Rc1 Rxc1+ 34. Qxc1 h6 35. Nd3 Nd5 36. Qc4 Ne3 37. Qc3 Qb5 38. Kg1 Nf5 39. Kf2 Qd5 40. Nb4 Qd6 41. Nc2 h5 42. Ke2 Qh2 43. Kf2 Qg3+ 44. Kf1 Qf4 45. Kf2 Qd6 46. Ke2 h4 47. Kd3 Qh2 48. Qd2 Qg1 49. Kc4 Qf1+ 50. Kc3 g6 51. b3 Kg7 52. Kb4 Qb5+ 53. Ka3 Qf1 54. Kb4 Kf8 55. Ka3 Ke8 56. Kb4 Kf8 57. Ka3 Ke8 58. Kb4 Ne7 59. Ne3 Nc6+ 60. Kc3 Qb5 61. Kb2 Qg5 62. Qc3 Kd7 63. Qd3 Nb4 64. Qe4 Nd5 65. Nxd5 1/2-1/2

[Event "BLR-ch"]
[Site "Minsk"]
[Date "2019.05.31"]
[Round "2"]
[White "Zhigalko, Sergei"]
[Black "Meribanov, Vitaly"]
[Result "1/2-1/2"]
[WhiteElo "2594"]
[BlackElo "2405"]
[PlyCount "63"]
[EventDate "2019.05.30"]
[EventType "tourn"]
[EventRounds "9"]
[EventCountry "BLR"]
[EventCategory "8"]
[SourceTitle "CBM 190 Extra"]
[Source "ChessBase"]
[SourceDate "2019.07.15"]
[SourceVersion "1"]
[SourceVersionDate "2019.07.15"]
[SourceQuality "1"]

1. e4 c5 2. Nf3 e6 3. c3 Nf6 4. e5 Nd5 5. d4 cxd4 6. cxd4 d6 7. Bc4 Be7 8. O-O O-O 9. Re1 Nc6 10. exd6 Qxd6 11. Nc3 Nf6 12. a3 b6 13. Ba2 Bb7 14. Be3 Rac8 15. Qe2 Qb8 16. Rad1 Na5 17. Bg5 Bxf3 18. Qxf3 Nd5 19. Bxe7 Nxe7 20. d5 Nxd5 21. Bxd5 exd5 22. Nxd5 Nc6 23. Qg4 Kh8 24. Qf5 f6 25. h4 Rce8 26. Rxe8 Qxe8 27. Nf4 Qe5 28. Qxe5 Nxe5 29. Rc1 Kg8 30. f3 Rd8 31. Rc7 Rd7 32. Rxd7 1/2-1/2

[Event "BLR-ch"]
[Site "Minsk"]
[Date "2019.06.01"]
[Round "3"]
[White "Aleksandrov, Aleksej"]
[Black "Zhigalko, Sergei"]
[Result "1-0"]
[WhiteElo "2603"]
[BlackElo "2594"]
[PlyCount "107"]
[EventDate "2019.05.30"]
[EventType "tourn"]
[EventRounds "9"]
[EventCountry "BLR"]
[EventCategory "8"]
[SourceTitle "CBM 190 Extra"]
[Source "ChessBase"]
[SourceDate "2019.07.15"]
[SourceVersion "1"]
[SourceVersionDate "2019.07.15"]
[SourceQuality "1"]

1. d4 Nf6 2. c4 e6 3. Nc3 Bb4 4. g3 O-O 5. Bg2 d5 6. a3 Bxc3+ 7. bxc3 c6 8. Nf3 Qa5 9. Qc2 Ne4 10. Nd2 Nxd2 11. Bxd2 dxc4 12. O-O Nd7 13. a4 Re8 14. Rfb1 e5 15. e4 Nb6 16. Be3 h6 17. h3 Bd7 18. g4 f6 19. Qb2 exd4 20. cxd4 c3 21. Qb4 Qxb4 22. Rxb4 Be6 23. Rc1 Nc4 24. Rxb7 Nxe3 25. fxe3 Rab8 26. Rxb8 Rxb8 27. Rxc3 Bd7 28. Rc5 Rb4 29. Ra5 c5 30. Rxc5 Rxa4 31. e5 fxe5 32. Rxe5 Kf8 33. Rc5 Ke7 34. Bd5 a5 35. Kf2 Kd6 36. Kf3 Ra3 37. h4 a4 38. g5 hxg5 39. hxg5 Be8 40. Kf4 Rd3 41. Be4 Rb3 42. Ra5 Bb5 43. Bc2 Rb4 44. Ra7 Kc6 45. Rxg7 Kb6 46. Rh7 a3 47. Rh1 Rb2 48. Be4 a2 49. g6 Rf2+ 50. Ke5 Rf1 51. g7 Rxh1 52. g8=Q Rh5+ 53. Kf6 Rh6+ 54. Kg5 1-0

[Event "BLR-ch"]
[Site "Minsk"]
[Date "2019.06.02"]
[Round "4"]
[White "Zhigalko, Sergei"]
[Black "Nikitenko, Mihail"]
[Result "1/2-1/2"]
[WhiteElo "2594"]
[BlackElo "2417"]
[PlyCount "58"]
[EventDate "2019.05.30"]
[EventType "tourn"]
[EventRounds "9"]
[EventCountry "BLR"]
[EventCategory "8"]
[SourceTitle "CBM 190 Extra"]
[Source "ChessBase"]
[SourceDate "2019.07.15"]
[SourceVersion "1"]
[SourceVersionDate "2019.07.15"]
[SourceQuality "1"]

1. e4 e6 2. d4 d5 3. Nc3 dxe4 4. Nxe4 Nd7 5. Nf3 Ngf6 6. Bd3 c5 7. O-O Nxe4 8. Bxe4 Nf6 9. Bg5 Be7 10. Bxf6 gxf6 11. c3 Qc7 12. dxc5 Bxc5 13. Nd4 f5 14. Bf3 Bd7 15. Qe2 O-O-O 16. Nb5 Qb6 17. a4 f6 18. b4 Be7 19. Rfb1 e5 20. c4 e4 21. Bh5 Qe6 22. Qe3 a6 23. Qa7 Qe5 24. Bf7 Bc6 25. Qb6 Kb8 26. Qa7+ Kc8 27. Qb6 Kb8 28. Qa7+ Kc8 29. Qb6 Kb8 1/2-1/2

[Event "BLR-ch"]
[Site "Minsk"]
[Date "2019.06.03"]
[Round "5"]
[White "Terzi, Alexei"]
[Black "Zhigalko, Sergei"]
[Result "0-1"]
[WhiteElo "2322"]
[BlackElo "2594"]
[PlyCount "108"]
[EventDate "2019.05.30"]
[EventType "tourn"]
[EventRounds "9"]
[EventCountry "BLR"]
[EventCategory "8"]
[SourceTitle "CBM 190 Extra"]
[Source "ChessBase"]
[SourceDate "2019.07.15"]
[SourceVersion "1"]
[SourceVersionDate "2019.07.15"]
[SourceQuality "1"]

1. e4 e5 2. Nf3 Nc6 3. Bc4 Bc5 4. c3 Nf6 5. d3 d6 6. Bb3 a6 7. Nbd2 O-O 8. Nf1 d5 9. Qe2 h6 10. Ng3 Re8 11. O-O Be6 12. Rd1 Qd7 13. h3 d4 14. Nh4 Bf8 15. Nhf5 Rad8 16. Qf3 Bxb3 17. axb3 Qe6 18. b4 Kh7 19. Nf1 g6 20. N5g3 Rd7 21. Nd2 Red8 22. Nc4 Ne8 23. Na5 Nxa5 24. Rxa5 Ng7 25. h4 h5 26. Bg5 Be7 27. Bxe7 Qxe7 28. Nf1 f6 29. b5 axb5 30. Rxb5 b6 31. c4 Ra8 32. Rc1 Ne6 33. b4 Ra3 34. g3 Kg7 35. Rd5 Rb3 36. b5 Nc5 37. Rd1 Rxd5 38. cxd5 Qd7 39. Qe2 Qxb5 40. g4 hxg4 41. Qxg4 Qd7 42. Qf3 f5 43. Qg3 Nxe4 44. Qxe5+ Nf6 45. Rc1 Rc3 46. Rxc3 dxc3 47. Qxc3 Kf7 48. Ne3 f4 49. Nc4 Qg4+ 50. Kf1 Qd1+ 51. Kg2 f3+ 52. Kh2 Qf1 53. Ne5+ Kg8 54. Kg3 Qg2+ 0-1

[Event "BLR-ch"]
[Site "Minsk"]
[Date "2019.06.04"]
[Round "6"]
[White "Zhigalko, Sergei"]
[Black "Zarubitski, Viachaslau"]
[Result "1-0"]
[WhiteElo "2594"]
[BlackElo "2416"]
[PlyCount "153"]
[EventDate "2019.05.30"]
[EventType "tourn"]
[EventRounds "9"]
[EventCountry "BLR"]
[EventCategory "8"]
[SourceTitle "CBM 190 Extra"]
[Source "ChessBase"]
[SourceDate "2019.07.15"]
[SourceVersion "1"]
[SourceVersionDate "2019.07.15"]
[SourceQuality "1"]

1. e4 c5 2. Nf3 e6 3. c3 Nf6 4. Bd3 Nc6 5. O-O d5 6. e5 Nd7 7. Bb5 Qc7 8. d4 a6 9. Ba4 h6 10. Re1 b5 11. Bc2 Bb7 12. a3 c4 13. h4 Be7 14. h5 O-O-O 15. Bf4 Rdg8 16. Nbd2 g6 17. Nf1 gxh5 18. Qd2 h4 19. Bxh6 Qd8 20. Qf4 Nf8 21. Re2 Ng6 22. Qd2 Bf8 23. Bg5 Be7 24. Bh6 Bf8 25. Bg5 Be7 26. Bxe7 Qxe7 27. Rae1 Qf8 28. Ng5 Nce7 29. Nh3 Qg7 30. f3 Nf8 31. Ne3 Bc6 32. Ng4 Nd7 33. Qf4 Ng6 34. Qd2 Kc7 35. Qc1 a5 36. Kh1 Ne7 37. Qf4 Ng6 38. Qg5 Qf8 39. Qd2 Qe7 40. Ne3 b4 41. axb4 axb4 42. f4 bxc3 43. bxc3 Qa3 44. f5 Ne7 45. Rf2 Rg3 46. fxe6 fxe6 47. Nf4 Nf8 48. Rff1 h3 49. Nxh3 Qa8 50. Kh2 Rg7 51. Ra1 Qe8 52. Qe2 Nc8 53. Rf2 Nd7 54. Raf1 Qe7 55. Rf4 Na7 56. Qd2 Rhg8 57. Bd1 Nb5 58. Ba4 Na7 59. Bxc6 Nxc6 60. Qa2 Rg3 61. R1f3 R3g7 62. Rf2 Rg3 63. R4f3 Qh4 64. Qa3 Rxf3 65. Qd6+ Kd8 66. Rxf3 Ne7 67. Qxe6 Rg6 68. Qf7 Qe4 69. Qf4 Qb1 70. Qh4 Ke8 71. Nf4 Rg7 72. Qh5+ Ng6 73. Nf5 Rg8 74. Nxg6 Kd8 75. Qh7 Re8 76. Nd6 Nxe5 77. dxe5 1-0

[Event "BLR-ch"]
[Site "Minsk"]
[Date "2019.06.05"]
[Round "7"]
[White "Lazavik, Denis"]
[Black "Zhigalko, Sergei"]
[Result "1/2-1/2"]
[WhiteElo "2300"]
[BlackElo "2594"]
[PlyCount "76"]
[EventDate "2019.05.30"]
[EventType "tourn"]
[EventRounds "9"]
[EventCountry "BLR"]
[EventCategory "8"]
[SourceTitle "CBM 190 Extra"]
[Source "ChessBase"]
[SourceDate "2019.07.15"]
[SourceVersion "1"]
[SourceVersionDate "2019.07.15"]
[SourceQuality "1"]

1. d4 Nf6 2. c4 e6 3. Nf3 b6 4. a3 Ba6 5. Qc2 Bb7 6. Nc3 c5 7. e4 cxd4 8. Nxd4 Nc6 9. Nb3 Rc8 10. Bf4 Nh5 11. Be3 Ne5 12. Bd4 Nc6 13. Be3 d6 14. Rd1 Qc7 15. Qd2 Rd8 16. Be2 Nf6 17. Bf4 Qb8 18. O-O Be7 19. Qe3 O-O 20. Bg5 Rfe8 21. Nd4 Ne5 22. Bf4 Qc8 23. b3 Qc5 24. b4 Qc8 25. Bxe5 dxe5 26. Nb3 Qa8 27. f3 Rc8 28. Rc1 h6 29. Rfd1 Nh5 30. Qf2 f5 31. c5 fxe4 32. Nxe4 Bxe4 33. fxe4 Nf4 34. Bf3 Red8 35. Qc2 bxc5 36. Nxc5 a5 37. Qc3 axb4 38. axb4 Rxd1+ 1/2-1/2

[Event "BLR-ch"]
[Site "Minsk"]
[Date "2019.06.06"]
[Round "8"]
[White "Zhigalko, Sergei"]
[Black "Strybuk, Artsiom I"]
[Result "1-0"]
[WhiteElo "2594"]
[BlackElo "2294"]
[PlyCount "51"]
[EventDate "2019.05.30"]
[EventType "tourn"]
[EventRounds "9"]
[EventCountry "BLR"]
[EventCategory "8"]
[SourceTitle "CBM 190 Extra"]
[Source "ChessBase"]
[SourceDate "2019.07.15"]
[SourceVersion "1"]
[SourceVersionDate "2019.07.15"]
[SourceQuality "1"]

1. e4 e5 2. Nf3 Nc6 3. Bc4 Bc5 4. O-O Nf6 5. d3 d6 6. c3 h6 7. Re1 O-O 8. Nbd2 Bb6 9. Nf1 Ne7 10. Ng3 c6 11. Bb3 Ng6 12. h3 Re8 13. d4 Be6 14. Bc2 Qd7 15. Be3 Rad8 16. Qe2 Qc8 17. a3 Nf4 18. Qf1 Bc7 19. Rad1 a5 20. a4 g5 21. Rd2 Kh8 22. h4 g4 23. Nh2 Rg8 24. f3 N4h5 25. fxg4 Nxg4 26. Nxh5 1-0

[Event "BLR-ch"]
[Site "Minsk"]
[Date "2019.06.07"]
[Round "9"]
[White "Teterev, Vitaly"]
[Black "Zhigalko, Sergei"]
[Result "1/2-1/2"]
[WhiteElo "2474"]
[BlackElo "2594"]
[PlyCount "60"]
[EventDate "2019.05.30"]
[EventType "tourn"]
[EventRounds "9"]
[EventCountry "BLR"]
[EventCategory "8"]
[SourceTitle "CBM 190 Extra"]
[Source "ChessBase"]
[SourceDate "2019.07.15"]
[SourceVersion "1"]
[SourceVersionDate "2019.07.15"]
[SourceQuality "1"]

1. Nf3 d5 2. g3 c6 3. Bg2 Bg4 4. c4 e6 5. cxd5 Bxf3 6. Bxf3 cxd5 7. O-O Nf6 8. Nc3 Nc6 9. d4 Be7 10. e3 O-O 11. Bd2 Rc8 12. Qe2 a6 13. Rfd1 b5 14. Rac1 Qb6 15. Be1 Rc7 16. Bg2 Rfc8 17. Qd3 Na5 18. Ne2 Nc4 19. Rc2 g6 20. b3 Na5 21. Rxc7 Rxc7 22. Rc1 Nc6 23. Qb1 b4 24. Nf4 Bd6 25. Nd3 a5 26. Nb2 Nd7 27. Na4 Qb7 28. Qd3 Ne7 29. Rxc7 Qxc7 30. Bd2 Nf6 1/2-1/2

[Event "Purtichju op 6th"]
[Site "Porticcio"]
[Date "2019.07.04"]
[Round "7"]
[White "Onischuk, Vladimir"]
[Black "Zhigalko, Sergei"]
[Result "1-0"]
[WhiteElo "2630"]
[BlackElo "2594"]
[PlyCount "59"]
[EventDate "2019.06.29"]
[EventType "swiss"]
[EventRounds "9"]
[EventCountry "FRA"]
[SourceTitle "CBM 191 Extra"]
[Source "ChessBase"]
[SourceDate "2019.09.30"]
[SourceVersion "1"]
[SourceVersionDate "2019.09.30"]
[SourceQuality "1"]

1. e4 c5 2. Nc3 Nc6 3. Nf3 e5 4. Bc4 d6 5. d3 Be7 6. Nd2 Nf6 7. Nf1 Bg4 8. f3 Be6 9. Ne3 O-O 10. O-O Rb8 11. Bd2 Nd7 12. Ned5 Bg5 13. a4 Bxd2 14. Qxd2 Nb6 15. f4 exf4 16. Qxf4 Nxc4 17. dxc4 Nd4 18. Rf2 f5 19. Raf1 h6 20. Qg3 f4 21. Rxf4 Rxf4 22. Qxf4 Bxd5 23. cxd5 Qe7 24. Rf2 a6 25. Nd1 Re8 26. c3 Nb3 27. Ne3 Qxe4 28. Qf7+ Kh7 29. Nf5 Qe5 30. Re2 1-0

[Event "European Corporate 2nd"]
[Site "Minsk"]
[Date "2019.08.30"]
[Round "1.2"]
[White "Kovalev, Vladislav"]
[Black "Zhigalko, Sergei"]
[Result "1/2-1/2"]
[WhiteElo "2651"]
[BlackElo "2574"]
[PlyCount "82"]
[EventDate "2019.08.30"]
[EventType "team-swiss"]
[EventRounds "9"]
[EventCountry "BLR"]
[SourceTitle "EXT 2020"]
[Source "ChessBase"]
[SourceDate "2019.10.17"]
[SourceVersion "1"]
[SourceVersionDate "2019.10.17"]
[SourceQuality "1"]
[WhiteTeam "Belaruskali"]
[BlackTeam "BAM"]
[WhiteTeamCountry "BLR"]
[BlackTeamCountry "BLR"]

1. e4 c5 2. Nf3 Nc6 3. Nc3 Nf6 4. Bb5 Qc7 5. O-O Nd4 6. Re1 a6 7. Bf1 Ng4 8. g3 Nxf3+ 9. Qxf3 Ne5 10. Qe2 e6 11. d3 d6 12. Bg2 Be7 13. f4 Nc6 14. Be3 O-O 15. Nd1 b5 16. a3 Bb7 17. c3 a5 18. d4 Ba6 19. dxc5 dxc5 20. Qf2 c4 21. e5 Rab8 22. Bc5 Rfd8 23. Bxe7 Nxe7 24. Ne3 Bb7 25. Bxb7 Qxb7 26. Rad1 Rd3 27. Rxd3 cxd3 28. Rd1 Qe4 29. Ng2 Rd8 30. Qe3 Qc4 31. Ne1 h6 32. Rxd3 Rd5 33. Qd2 Qe4 34. Rxd5 Nxd5 35. Nc2 a4 36. Nd4 Ne3 37. Kf2 Ng4+ 38. Kg1 Ne3 39. Kf2 Ng4+ 40. Kg1 Ne3 41. Nc2 Nd5 1/2-1/2

[Event "European Corporate 2nd"]
[Site "Minsk"]
[Date "2019.08.30"]
[Round "2.5"]
[White "Zhigalko, Sergei"]
[Black "Aleksandrov, Aleksej"]
[Result "0-1"]
[WhiteElo "2574"]
[BlackElo "2571"]
[PlyCount "72"]
[EventDate "2019.08.30"]
[EventType "team-swiss"]
[EventRounds "9"]
[EventCountry "BLR"]
[SourceTitle "EXT 2020"]
[Source "ChessBase"]
[SourceDate "2019.10.17"]
[SourceVersion "1"]
[SourceVersionDate "2019.10.17"]
[SourceQuality "1"]
[WhiteTeam "BAM"]
[BlackTeam "Gen Procurator"]
[WhiteTeamCountry "BLR"]
[BlackTeamCountry "BLR"]

1. c4 e6 2. Nc3 d5 3. d4 Bb4 4. Nf3 Nf6 5. Qa4+ Nc6 6. e3 O-O 7. Bd2 Re8 8. Rd1 a6 9. Qc2 Bd6 10. Bc1 h6 11. a3 Bd7 12. c5 Bf8 13. b4 e5 14. dxe5 Nxe5 15. Nxd5 Nxf3+ 16. gxf3 Bc6 17. Nf4 Nd7 18. Bh3 Qh4 19. Bxd7 Bxf3 20. Bxe8 Rxe8 21. Rf1 Qxf4 22. Rd8 Re6 23. Qd3 Qxh2 24. Bb2 Qg2 25. Rc8 Bg4 26. Rb8 Bh3 27. Bd4 h5 28. Rc8 Re7 29. Rd8 h4 30. c6 b6 31. Bxb6 cxb6 32. c7 Qb7 33. Rxf8+ Kxf8 34. Qd8+ Re8 35. Qxh4 Bxf1 36. Qh8+ Ke7 0-1

[Event "European Corporate 2nd"]
[Site "Minsk"]
[Date "2019.08.30"]
[Round "3.4"]
[White "Delemarre, Jop"]
[Black "Zhigalko, Sergei"]
[Result "0-1"]
[WhiteElo "2391"]
[BlackElo "2574"]
[PlyCount "82"]
[EventDate "2019.08.30"]
[EventType "team-swiss"]
[EventRounds "9"]
[EventCountry "BLR"]
[SourceTitle "EXT 2020"]
[Source "ChessBase"]
[SourceDate "2019.10.17"]
[SourceVersion "1"]
[SourceVersionDate "2019.10.17"]
[SourceQuality "1"]
[WhiteTeam "DSE"]
[BlackTeam "BAM"]
[WhiteTeamCountry "NED"]
[BlackTeamCountry "BLR"]

1. d4 Nf6 2. Nf3 e6 3. c4 b6 4. a3 Ba6 5. Qc2 Bb7 6. Nc3 c5 7. Bf4 Nh5 8. dxc5 bxc5 9. Bg5 Be7 10. Bxe7 Qxe7 11. Nb5 d5 12. cxd5 exd5 13. Qf5 a6 14. Qxh5 axb5 15. Rc1 O-O 16. Qe5 Qxe5 17. Nxe5 c4 18. e3 b4 19. axb4 Ra2 20. Be2 Rxb2 21. Bf3 Rxb4 22. O-O Nc6 23. Nd7 Rd8 24. Nc5 Ne5 25. Rb1 Rxb1 26. Rxb1 Bc6 27. Na6 Kf8 28. Be2 Ke7 29. f4 Nd7 30. Nb4 Kd6 31. Rd1 Nb6 32. e4 Bb7 33. Nxd5 Bxd5 34. exd5 Kc5 35. Bf3 Nxd5 36. Kf2 Rd6 37. g3 Nb4 38. Ra1 Rd2+ 39. Ke3 Rd3+ 40. Ke2 Nc2 41. Ra5+ Kb4 0-1